Sports Quiz

Random Sports or World Quiz

Test Cricket Wickets by Year (England) Quiz Stats

 Plays Quiz not verified by Sporcle

Challenge
Share
Tweet
Embed
Score 0/71 Timer 10:00
0 Plays Today
Year Player % Correct
2011James Anderson
97.7%
2014James Anderson
96.9%
2009Graeme Swann
96%
2012Graeme Swann
95.7%
2013Graeme Swann
94.6%
1978Ian Botham
93.8%
1979Ian Botham
93.8%
1980Ian Botham
93.8%
1981Ian Botham
93.8%
1984Ian Botham
93.8%
1985Ian Botham
93.8%
2005Andrew Flintoff
93.2%
2003Steve Harmison
93.1%
2004Steve Harmison
93.1%
2002Matthew Hoggard
90.7%
2006Matthew Hoggard
90.7%
1997Darren Gough
88.1%
2000Darren Gough
88.1%
2001Darren Gough
88.1%
2010Graeme Swann
87.9%
1977Bob Willis
84.8%
1982Bob Willis
84.8%
1983Bob Willis
84.8%
1999Andy Caddick
83.7%
2007Monty Panesar
80.2%
1952Fred Trueman
75.5%
1959Fred Trueman
75.5%
1960Fred Trueman
75.5%
1962Fred Trueman
75.5%
1963Fred Trueman
75.5%
1948Jim Laker
69.8%
1956Jim Laker
69.8%
1957Jim Laker
69.8%
2008Ryan Sidebottom
62.6%
1998Angus Fraser
62.3%
1969Derek Underwood
62.2%
Year Player % Correct
1971Derek Underwood
62.2%
1976Derek Underwood
62.2%
1990Devon Malcolm
61.8%
1995Dominic Cork
59.2%
1996=Dominic Cork
59.2%
1991Phil DeFreitas
53.9%
1994Phil DeFreitas
53.9%
1968John Snow
51.7%
1970John Snow
51.7%
1972John Snow
51.7%
1946Alec Bedser
50.6%
1950Alec Bedser
50.6%
1951Alec Bedser
50.6%
1953Alec Bedser
50.6%
1954Brian Statham
49.5%
1955=Brian Statham
49.5%
1986John Emburey
47%
1974Tony Greig
44.9%
1975Tony Greig
44.9%
1992Chris Lewis
43%
1988Graham Dilley
42.4%
1958Tony Lock
41%
1967Ray Illingworth
39.3%
1996=Alan Mullally
37.1%
1987Neil Foster
31%
1989Neil Foster
31%
1993Peter Such
30%
1964Fred Titmus
29%
1965Fred Titmus
29%
1955=Frank Tyson
28.2%
1973Geoff Arnold
20.3%
1966Ken Higgs
15.5%
1949Trevor Bailey
15.1%
1947Doug Wright
11.7%
1961David Allen
10.1%

You're not logged in!

Compare scores with friends on all Sporcle quizzes.
Join for Free
OR
Log In

You Might Also Like...

Show Comments

Extras

Top Quizzes Today


Score Distribution

Your Account Isn't Verified!

In order to create a playlist on Sporcle, you need to verify the email address you used during registration. Go to your Sporcle Settings to finish the process.

Report this User

Report this user for behavior that violates our Community Guidelines.

Details: